000 01566nam0a2200397 4500
001 RU\NLR\bibl\1516132
005 20260406112050.0
010 _a978-5-9533-4678-8
_95000
021 _aРКП
_b10-30253
021 _aRU
_b2010-30253
_92031
035 _a(nilc)RSL-KNO-004635118
035 _a(NLR Aleph) 001507510
090 _a59427
_c59427
100 _a20100427d2010 |||y0rusy50 ca
101 0 _arus
102 _aRU
105 _aa |||||||||
200 1 _aГрузия. Закавказский тупик?
_f[авт.-сост.: Широкорад Александр Борисович]
210 _aМосква
_cВече
_d2010
215 _a414 с., [8] л. ил., портр.
_d22
225 1 _aДрузья и враги России
300 _aНа обл. авт.: Александр Широкорад
320 _aБиблиогр.: с. 409-411 и в подстроч. прим.
517 0 _aЗакавказский тупик?
607 _aГрузия
_xИстория
_9926692
_3RU\NLR\auth\66340517
607 _aГрузия
_xПолитические процессы
_zкон. 20 - нач. 21 вв.
_92453508
_3RU\NLR\auth\661458583
686 _aТ3(2Г)0,02
_2rubbk
686 _aТ3(5Г)0,02
686 _aФ3(5Г)3
702 1 _4220
_8rus
_7ca
_aШирокорад
_bА. Б.
_f1947-
_gАлександр Борисович
_3RU\NLR\auth\77126524
_9109448
801 0 _aRU
_bРГБ
_c20100427
_grcr
801 1 _aRU
_bРГБ
_c20100427
801 2 _aRU
_bNLR
_c20100518
_grcr
942 _cBOOK
980 _aNB